| 000 | 00845nam a2200217 a 4500 | ||
|---|---|---|---|
| 001 | 77824 | ||
| 003 | BD-RjUL | ||
| 005 | 20211209083031.0 | ||
| 008 | 210124s1977 bg ||||| |||| 00| 0 ben d | ||
| 035 | _a(BD-RjUL)78050 | ||
| 040 |
_aBD-RjUL _beng _cBD-RjUL |
||
| 041 | _aben | ||
| 082 |
_223 _a346.54920436 _bRAS 1977 |
||
| 100 |
_aরহমান, গাজী শামছুর _9243841 |
||
| 245 | 1 | 0 |
_aসম্পত্তি হস্তান্তর আইনের ভাষ্য / _cগাজী শামছুর রহমান |
| 260 |
_aঢাকা : _bবাংলা একাডেমী, _c১৯৭৭ |
||
| 300 |
_a৪০৩ পৃ.; _c২৪ সেমি. |
||
| 650 |
_aস্থানান্তর (আইন) _zবাংলাদেশ _9243842 |
||
| 650 |
_aTransfer (Law) _zBangladesh _9243843 |
||
| 942 |
_2ddc _cBK |
||
| 999 |
_c77824 _d77824 |
||